00431nas a2200133 a 4500008004100000050002500041110002500066245006900091260002200160350000900182362005800191500001800249650003000267100122c20059999||||||||||||||||| || u aZAM PER BOZ(05)ZAMBA aBank Of Zambia (BOZ)10aZambanker: Africa Economic Summit 2005cA Bank of Zambia Journal aLusakabBOZc2005 a0.001 aDecember 2003; August 2004; September 2004; June 2005 aSpecial issue aBANKS AND BANKING--ZAMBIA